01522cam a22003495i 450000100090000000300090000900500170001800800410003502000250007603500240010104000790012508200200020410000330022424500920025726400500034926400100039930000460040933600260045533700280048133800270050950000200053665000340055665100100059065300250060065500140062594200120063999900170065195201260066895201260079495201260092095201260104615102329EG-ScBUE20230118090646.0071204t2008 nyua f 001 0 eng d a9781584282266 (pbk.) a(OCoLC)ocn182735132 aUKMbengerdacUKMdBTCTAdBAKERdVP@dQBXdPZXdYDXCPdBDXdDLCdEG-ScBUE04a770.11bRAN2221 aRand, Glenn,eauthor.94195810aLighting for photography :btechniques for studio and location shoots /cby Glenn Rand. 1aBuffalo, N.Y. :bAmherst Media, Inc.,c[2008] 4cc2008 a122 pages :bcolor illustrations ;c28 cm 2rdacontentatextbtxt 2rdamediaaunmediatedbn 2rdacarrieravolumebnc aIncludes index. 7aPhotographyxLighting.2BUEsh 2BUEsh bCOMAMEcDecember2018 vText book 2ddccBB c27039d27011 00102ddc40708BaccahaMAINbMAINc2NDd2018-12-20ePurchaseg850.00l0o770.11 RANp000044080r2025-07-15 00:00:00yNB 00102ddc40708BaccahaMAINbMAINc2NDd2018-12-20ePurchaseg850.00l0o770.11 RANp000044081r2025-07-15 00:00:00yNB 00102ddc40708BaccahaMAINbMAINc2NDd2018-12-20ePurchaseg850.00l0o770.11 RANp000044082r2025-07-15 00:00:00yBB 00102ddc40708BaccahaMAINbMAINc2NDd2018-12-20ePurchaseg850.00l0o770.11 RANp000044083r2025-07-15 00:00:00yBB